| 000 | 00386nam a2200145Ia 4500 | ||
|---|---|---|---|
| 008 | 220120s9999||||xx |||||||||||||| ||und|| | ||
| 020 | _a9788128010439 | ||
| 082 | _a620.001 LOG | ||
| 100 |
_aLogan, Daryl L _92898 |
||
| 245 | 0 | _aFir Course in the Finite Element Method | |
| 250 | _a4 | ||
| 260 |
_aCengage learning _bBangalore _c2011 |
||
| 300 |
_axvi;320 _b180 |
||
| 650 | _aMECHANICAL | ||
| 999 |
_c132631 _d132631 |
||